[Event "Clichy Rapid op"]
[Site "Clichy"]
[Date "2023.07.09"]
[Round "9"]
[White "Fressinet, Laurent"]
[Black "Kouoi, Bertrand"]
[Result "1/2-1/2"]
[WhiteElo "2652"]
[BlackElo "2055"]
[PlyCount "186"]
[EventDate "2023.07.09"]
[EventType "swiss (rapid)"]
[EventRounds "9"]
[EventCountry "FRA"]
[SourceTitle "CBM 215 Extra"]
[Source "ChessBase"]
[SourceDate "2023.09.30"]
[SourceVersion "1"]
[SourceVersionDate "2023.09.30"]
[SourceQuality "1"]

1. d4 Nf6 2. Nf3 d5 3. c4 e6 4. Nc3 c5 5. e3 Nc6 6. a3 dxc4 7. Bxc4 a6 8. Bd3 b5 9. a4 cxd4 10. axb5 dxc3 11. bxc6 cxb2 12. Bxb2 Bb4+ 13. Ke2 0-0 14. Qc2 h6 15. Rhd1 Qe7 16. Ne5 a5 17. Kf1 Ba6 18. Bxa6 Rxa6 19. Qc4 Ra7 20. Bd4 Raa8 21. Nd3 Bd6 22. Bc3 Bc7 23. Ne5 Nd5 24. Bd4 Qh4 25. Nf3 Qe4 26. Rdc1 Rfb8 27. Be5 Qxc4+ 28. Rxc4 Bxe5 29. Nxe5 Rb5 30. Nd3 Rc8 31. Rac1 Rb6 32. Ne5 Ne7 33. c7 Rb7 34. e4 f6 35. Nd3 Kf7 36. Ke2 a4 37. Rxa4 Rbxc7 38. Rxc7 Rxc7 39. Ra6 e5 40. h4 h5 41. Ra8 Nc6 42. Ke3 Nd4 43. f4 Nc6 44. g3 g6 45. Ra6 Ke7 46. Rb6 Kf7 47. Ra6 Ke7 48. Ra8 Kf7 49. Kd2 Rd7 50. Ke3 Rc7 51. Ra6 Ke7 52. Nc5 Nb4 53. Ra5 Nc2+ 54. Kf2 Nb4 55. Ke3 Nc2+ 56. Kd2 Nd4 57. Kd3 Nf3 58. Ke3 Nd4 59. fxe5 fxe5 60. Nd3 Nc6 61. Rc5 Kd6 62. Rd5+ Ke6 63. Nc5+ Ke7 64. Nd3 Ke6 65. Rc5 Kd6 66. Rc1 Ke6 67. Nb4 Kd6 68. Nd5 Ra7 69. Rc3 Ra1 70. Rb3 Ra2 71. Rb7 Ra3+ 72. Kf2 Ra2+ 73. Kg1 Nd4 74. Rb6+ Kc5 75. Rxg6 Nf3+ 76. Kf1 Kd4 77. Rf6 Nd2+ 78. Kg1 Nxe4 79. Nb4 Nxf6 80. Nxa2 Ke3 81. Kg2 Kd2 82. Nb4 e4 83. Nc6 e3 84. Nd4 e2 85. Nf3+ Kd1 86. Kf2 Ne4+ 87. Ke3 Nxg3 88. Kf4 e1Q 89. Nxe1 Kxe1 90. Kxg3 Ke2 91. Kf4 Kd3 92. Kg5 Ke4 93. Kxh5 Kf5 1/2-1/2

[Event "Cappelle Online Blitz op"]
[Site "Europe Echecs INT"]
[Date "2021.03.07"]
[Round "1"]
[White "Bernard, Ines"]
[Black "Kouoi, Bertrand"]
[Result "1-0"]
[WhiteElo "1219"]
[BlackElo "2055"]
[PlyCount "101"]
[EventDate "2021.03.07"]
[EventType "swiss (blitz)"]
[EventRounds "11"]
[EventCountry "FRA"]
[SourceTitle "CBM 201 Extra"]
[Source "ChessBase"]
[SourceDate "2021.05.31"]
[SourceVersion "1"]
[SourceVersionDate "2021.05.31"]
[SourceQuality "1"]

1. d4 d5 2. Bf4 Nf6 3. Nf3 Bf5 4. c3 e6 5. e3 Be7 6. Bd3 Bg6 7. Qc2 0-0 8. Nbd2 c5 9. 0-0 Nbd7 10. Ne5 Rc8 11. Nxg6 hxg6 12. Rac1 a6 13. a3 b5 14. Qd1 Qb6 15. Be2 a5 16. Nf3 b4 17. dxc5 Bxc5 18. cxb4 axb4 19. a4 Ne4 20. Bb5 Ndf6 21. Re1 Rfd8 22. Qe2 Be7 23. Nd4 Nc5 24. Bg3 Nfe4 25. Rc2 Nxg3 26. hxg3 e5 27. Nf3 Bd6 28. Rec1 Ra8 29. Ra1 Nb3 30. Rd1 Bb8 31. Nd2 Nxd2 32. Rcxd2 d4 33. exd4 exd4 34. Qc4 Be5 35. Qd3 Bf6 36. b3 Rac8 37. Rc2 Rc3 38. Qd2 Rdc8 39. Rdc1 Rxc2 40. Rxc2 Rc3 41. Rc1 Qc5 42. Rb1 Rc2 43. Qd3 Qc3 44. Bc4 Rd2 45. Qe4 d3 46. Qe8+ Kh7 47. Qxf7 Rc2 48. Qg8+ Kh6 49. Qh8+ Kg5 50. Qh4+ Kf5 51. Qf4# 1-0

[Event "Cappelle Online Blitz op"]
[Site "Europe Echecs INT"]
[Date "2021.03.07"]
[Round "5"]
[White "Gabrielian, Artur"]
[Black "Kouoi, Bertrand"]
[Result "1-0"]
[WhiteElo "2448"]
[BlackElo "2055"]
[PlyCount "37"]
[EventDate "2021.03.07"]
[EventType "swiss (blitz)"]
[EventRounds "11"]
[EventCountry "FRA"]
[SourceTitle "CBM 201 Extra"]
[Source "ChessBase"]
[SourceDate "2021.05.31"]
[SourceVersion "1"]
[SourceVersionDate "2021.05.31"]
[SourceQuality "1"]

1. e4 c5 2. Nc3 a6 3. g3 b5 4. Bg2 Bb7 5. f4 e6 6. Nh3 Nf6 7. d3 d5 8. 0-0 Be7 9. Nf2 0-0 10. e5 Nfd7 11. g4 Nc6 12. g5 Kh8 13. Ng4 f6 14. exf6 gxf6 15. h4 fxg5 16. hxg5 Nd4 17. Ne2 Nf5 18. b3 d4 19. Bxb7 1-0

[Event "Cappelle Online Blitz op"]
[Site "Europe Echecs INT"]
[Date "2021.03.07"]
[Round "4"]
[White "Kouoi, Bertrand"]
[Black "Arjun, Kalyan"]
[Result "1/2-1/2"]
[WhiteElo "2055"]
[BlackElo "2477"]
[PlyCount "106"]
[EventDate "2021.03.07"]
[EventType "swiss (blitz)"]
[EventRounds "11"]
[EventCountry "FRA"]
[SourceTitle "CBM 201 Extra"]
[Source "ChessBase"]
[SourceDate "2021.05.31"]
[SourceVersion "1"]
[SourceVersionDate "2021.05.31"]
[SourceQuality "1"]

1. e4 c5 2. Nf3 d6 3. d4 cxd4 4. Nxd4 Nf6 5. Nc3 a6 6. f3 e5 7. Nb3 Be7 8. Be3 Be6 9. Qd2 h5 10. 0-0-0 Nbd7 11. Kb1 b5 12. Nd5 Nxd5 13. exd5 Bf5 14. Na5 0-0 15. Nc6 Qe8 16. Bd3 Bxd3 17. Qxd3 f5 18. f4 e4 19. Qe2 Bf6 20. Bd4 Qf7 21. Bxf6 Nxf6 22. Qd2 Rfc8 23. Qd4 Kh7 24. h3 Nxd5 25. Qxd5 Qxd5 26. Rxd5 Rxc6 27. Rxf5 g6 28. Rd5 Re8 29. Re1 e3 30. g4 hxg4 31. hxg4 Rc4 32. f5 Rf4 33. fxg6+ Kg7 34. Rxd6 e2 35. Kc1 Rxg4 36. Rxa6 Rd4 37. c3 Rd5 38. Rb6 Rf5 39. Rd6 Rfe5 40. Kd2 R8e7 41. b3 Re8 42. c4 bxc4 43. bxc4 Ra8 44. Kd3 Rxa2 45. Kd4 Re8 46. Rd5 Rf8 47. Re5 Rd8+ 48. Kc3 Rdd2 49. c5 Rac2+ 50. Kb3 Rb2+ 51. Kc3 Rbc2+ 52. Kb3 Rb2+ 53. Kc3 Rbc2+ 1/2-1/2

[Event "Cappelle Online Blitz op"]
[Site "Europe Echecs INT"]
[Date "2021.03.07"]
[Round "8"]
[White "Kouoi, Bertrand"]
[Black "Xu, Yi"]
[Result "0-1"]
[WhiteElo "2055"]
[BlackElo "2527"]
[PlyCount "90"]
[EventDate "2021.03.07"]
[EventType "swiss (blitz)"]
[EventRounds "11"]
[EventCountry "FRA"]
[SourceTitle "CBM 201 Extra"]
[Source "ChessBase"]
[SourceDate "2021.05.31"]
[SourceVersion "1"]
[SourceVersionDate "2021.05.31"]
[SourceQuality "1"]

1. e4 c5 2. Nf3 Nc6 3. d4 cxd4 4. Nxd4 Nf6 5. Nc3 e6 6. Ndb5 Bc5 7. Bf4 0-0 8. Bc7 Qe7 9. Bd6 Bxd6 10. Qxd6 Qd8 11. Nc7 Rb8 12. Be2 a6 13. e5 Ne8 14. Nxe8 Rxe8 15. Bf3 Qe7 16. Qxe7 Rxe7 17. Bxc6 bxc6 18. 0-0-0 f6 19. f4 Rb4 20. g3 a5 21. Rhe1 f5 22. b3 h6 23. h4 g5 24. hxg5 hxg5 25. a3 Rb8 26. Rh1 g4 27. Rh6 Rh7 28. Rdh1 Rxh6 29. Rxh6 Kg7 30. Rh2 Ba6 31. Rf2 Rh8 32. Na4 Rh1+ 33. Kb2 Rg1 34. Nc5 Bc8 35. Rd2 Rxg3 36. Nxd7 Bxd7 37. Rxd7+ Kg6 38. Re7 Rf3 39. Rxe6+ Kh5 40. Rf6 Rxf4 41. e6 Kg5 42. Rf7 Re4 43. e7 Kg6 44. Rf8 Rxe7 45. c4 g3 0-1

[Event "Cappelle Online Blitz op"]
[Site "Europe Echecs INT"]
[Date "2021.03.07"]
[Round "3"]
[White "Slotala, Richard"]
[Black "Kouoi, Bertrand"]
[Result "0-1"]
[WhiteElo "1728"]
[BlackElo "2055"]
[PlyCount "44"]
[EventDate "2021.03.07"]
[EventType "swiss (blitz)"]
[EventRounds "11"]
[EventCountry "FRA"]
[SourceTitle "CBM 201 Extra"]
[Source "ChessBase"]
[SourceDate "2021.05.31"]
[SourceVersion "1"]
[SourceVersionDate "2021.05.31"]
[SourceQuality "1"]

1. Nf3 Nf6 2. d4 d5 3. Bf4 c5 4. e3 Nc6 5. c3 Qb6 6. b3 Bf5 7. Bd3 Bxd3 8. Qxd3 e6 9. Nbd2 Be7 10. Ne5 0-0 11. h3 Rac8 12. g4 Nxe5 13. dxe5 Nd7 14. Rb1 Rfd8 15. Bg3 Qa5 16. 0-0 b5 17. f4 Nb6 18. f5 d4 19. exd4 cxd4 20. cxd4 Rc3 21. Qe4 Rxg3+ 22. Kh2 Qxd2+ 0-1

[Event "Cappelle Online Rapid op"]
[Site "Europe Echecs INT"]
[Date "2021.03.06"]
[Round "8"]
[White "Kouoi, Bertrand"]
[Black "Baba, Masahiro"]
[Result "1-0"]
[WhiteElo "2055"]
[BlackElo "2274"]
[PlyCount "59"]
[EventDate "2021.03.06"]
[EventType "swiss (rapid)"]
[EventRounds "9"]
[EventCountry "FRA"]
[SourceTitle "CBM 201 Extra"]
[Source "ChessBase"]
[SourceDate "2021.05.31"]
[SourceVersion "1"]
[SourceVersionDate "2021.05.31"]
[SourceQuality "1"]

1. e4 c5 2. Nf3 d6 3. d4 cxd4 4. Nxd4 Nf6 5. Nc3 a6 6. f3 e5 7. Nb3 Be6 8. Be3 Be7 9. Qd2 Nbd7 10. 0-0-0 0-0 11. g4 b5 12. g5 b4 13. Ne2 Ne8 14. f4 a5 15. f5 a4 16. Kb1 Bxb3 17. cxb3 axb3 18. axb3 Qa5 19. Nc1 Nc7 20. Bc4 Rfc8 21. g6 Nf6 22. gxf7+ Kh8 23. Qg2 Nb5 24. Rhg1 Bf8 25. Bh6 Nh5 26. Bxg7+ Bxg7 27. f6 Qa1+ 28. Kc2 Rxc4+ 29. bxc4 Na3+ 30. Kb3 1-0

[Event "Cappelle Online Bullet op"]
[Site "Europe Echecs INT"]
[Date "2021.03.05"]
[Round "7"]
[White "Kouoi, Bertrand"]
[Black "Farthouat, Titoine"]
[Result "1-0"]
[WhiteElo "2055"]
[BlackElo "1652"]
[PlyCount "53"]
[EventDate "2021.03.05"]
[EventType "swiss (blitz)"]
[EventRounds "15"]
[EventCountry "FRA"]
[SourceTitle "EXT 2022"]
[Source "ChessBase"]
[SourceDate "2021.10.06"]
[SourceVersion "1"]
[SourceVersionDate "2021.10.06"]
[SourceQuality "1"]

1. e4 c5 2. Nf3 d6 3. d4 cxd4 4. Nxd4 Nf6 5. Nc3 a6 6. f3 e5 7. Nb3 Be7 8. Be3 Be6 9. Qd2 0-0 10. g4 b5 11. 0-0-0 Nfd7 12. g5 Nc6 13. h4 b4 14. Nd5 Bxd5 15. exd5 Ncb8 16. h5 f5 17. gxf6 Bxf6 18. Rg1 Qe7 19. Bh3 Qf7 20. Be6 Qxe6 21. dxe6 Nb6 22. Bg5 Nc4 23. Qd5 Bxg5+ 24. Rxg5 Ne3 25. Qxa8 Nxd1 26. Qb7 Ne3 27. Qxg7# 1-0

[Event "Cappelle Online Bullet op"]
[Site "Europe Echecs INT"]
[Date "2021.03.05"]
[Round "14"]
[White "Kouoi, Bertrand"]
[Black "Texier, Cesar"]
[Result "1-0"]
[WhiteElo "2055"]
[BlackElo "1458"]
[PlyCount "101"]
[EventDate "2021.03.05"]
[EventType "swiss (blitz)"]
[EventRounds "15"]
[EventCountry "FRA"]
[SourceTitle "EXT 2022"]
[Source "ChessBase"]
[SourceDate "2021.10.06"]
[SourceVersion "1"]
[SourceVersionDate "2021.10.06"]
[SourceQuality "1"]

1. e4 c5 2. Nf3 d6 3. d4 cxd4 4. Nxd4 Nf6 5. Nc3 a6 6. f3 e5 7. Nb3 Be6 8. Be3 Be7 9. Qd2 Nbd7 10. 0-0-0 0-0 11. g4 b5 12. g5 b4 13. Ne2 Ne8 14. f4 a5 15. f5 a4 16. fxe6 axb3 17. cxb3 fxe6 18. Qxb4 Rxa2 19. Kb1 Qa8 20. Nc3 Ra1+ 21. Kc2 Rxd1 22. Nxd1 Qxe4+ 23. Qxe4 Nc7 24. Bd3 g6 25. Rf1 Rc8 26. Kb1 d5 27. Qg4 Kg7 28. h4 e4 29. Be2 Ne5 30. Qg3 Bd6 31. Bf4 Nf7 32. Bxd6 Ne8 33. Be5+ Kg8 34. Qf4 Nxe5 35. Qxe5 Ng7 36. Bg4 Re8 37. Rf6 d4 38. Bxe6+ Nxe6 39. Rxe6 Rxe6 40. Qxe6+ Kg7 41. Qxe4 Kf7 42. Qxd4 h5 43. b4 Ke6 44. b5 Kf5 45. b6 Ke6 46. b7 Kf5 47. b8Q Ke6 48. Qb5 Kf7 49. Qd6 Kg8 50. Qb7 Kh8 51. Qd8# 1-0

[Event "FRA-ch Students"]
[Site "Nancy"]
[Date "2020.02.08"]
[Round "3"]
[White "Rakotomaharo, Fy Antenaina"]
[Black "Kouoi, Bertrand"]
[Result "1-0"]
[WhiteElo "2430"]
[BlackElo "2055"]
[PlyCount "74"]
[EventDate "2020.01.??"]
[EventType "swiss (rapid)"]
[EventRounds "9"]
[EventCountry "FRA"]
[SourceTitle "EXT 2021"]
[Source "ChessBase"]
[SourceDate "2020.10.23"]
[SourceVersion "1"]
[SourceVersionDate "2020.10.23"]
[SourceQuality "1"]

1. e4 c5 2. Nf3 Nc6 3. Nc3 g6 4. d4 cxd4 5. Nxd4 Bg7 6. Be3 Nf6 7. Bc4 0-0 8. Bb3 d6 9. h3 Bd7 10. 0-0 a6 11. f4 Rc8 12. Nf3 Qc7 13. Qe1 Na5 14. e5 Ne8 15. Nd5 Nxb3 16. Nxc7 Nxa1 17. Qxa1 Rxc7 18. c3 Bb5 19. Re1 e6 20. Bd4 d5 21. Qd1 Rc8 22. g4 Nc7 23. Kh2 Bd7 24. g5 Rfd8 25. Bb6 Re8 26. Kg3 Kh8 27. h4 Rg8 28. h5 Ne8 29. Rh1 Bf8 30. hxg6 fxg6 31. Nh4 Kg7 32. Qd4 Rc4 33. Qf2 Kf7 34. Nf3 Rh8 35. f5 gxf5 36. Bd4 Rc8 37. Qh2 Ng7 1-0